000 00380cam a22001337a 4500
008 180718b1946 xxu||||| |||| 00| 0 eng d
082 _aK65100 M694
100 _aMitchell, J. Douglas
245 _aSuccessful canteen management
_cby J. Douglas Mitchell
260 _aLondon
_bPractical Press
_c1946
300 _a108p.
500 _a7/6
650 _aPersonnel management --Canteens
999 _c374107
_d374107